| 000 | 00538nam a2200205Ia 4500 | ||
|---|---|---|---|
| 005 | 20221013110817.0 | ||
| 008 | 131103s9999 xx 000 0 und d | ||
| 040 | _aLoreto College | ||
| 041 | _aEnglish | ||
| 082 |
_a152.8 _bEDW |
||
| 100 | _aEdwards, Allen L. | ||
| 245 |
_aTechniques of atitude scale construction _cAllen L. Edwards |
||
| 260 |
_aBombay _bVakils, Feffer and Simons _c1957c |
||
| 300 |
_axiii,256p _b ill |
||
| 504 | _aInclude index | ||
| 650 | _aAtitude | ||
| 651 | _aPsycholoy | ||
| 850 | _aLCLIB | ||
| 942 | _cBK | ||
| 999 |
_c19242 _d69721 |
||